000 00710nam a22002412a 4500
001 18588
003 BD-RjUL
005 20211209000315.0
008 140220r19641887enk 001 0beng d
035 _a(BD-RjUL)18646
040 _aDLC
_cWSU
_dOCL
_dEQO
_dBD-RjUL
_beng
041 _aeng
082 0 0 _a928.2
_bCOK 1964
100 1 _aColvin, Sidney,
_d1845-1927.
_957271
245 1 0 _aKeats /
_cSidney colvin
260 _aLondon ;
_bMacmillan ;
_aNew York :
_bSt. Martin's Press,
_c1887 [reprinted 1964].
300 _a240 p. ;
_c18 cm
504 _aincludes index
600 1 0 _aKeats, John,
_d1795-1821.
_957277
830 0 _aMacmillan's pocket library
_957278
942 _2ddc
_cBK
999 _c18588
_d18588